2024/25 TOP 10 Most Valuable LaLiga Players - Statistics

General Stats
  • This quiz has been taken 51 times
  • The average score is 9 of 10
Answer Stats
Club Player % Correct
Real Madrid Kylian Mbappe
98%
Real Madrid Vinicius Jr
96%
Barcelona Lamine Yamal
93%
Real Madrid Jude Bellingham
91%
Real Madrid Aurelien Tchouameni
87%
Barcelona Pedri
87%
Real Madrid Rodrygo
87%
Real Madrid Federico Valverde
85%
Real Madrid Eduardo Camavinga
78%
Barcelona Gavi
65%
No matching quizzes found
Score Distribution
Percent of People with Each Score
Percentile by Number Answered
Your Score History
You have not taken this quiz